| 000 | 00577nam a2200193Ia 4500 | ||
|---|---|---|---|
| 005 | 20250508154133.0 | ||
| 008 | 008 250505s9999 xx 000 0 eng d | ||
| 037 | _aTextual | ||
| 040 |
_aFEDL _beng _cFEDL |
||
| 041 |
_aeng _2eng |
||
| 084 |
_a574, MOO _qFEDL |
||
| 100 |
_aMoore John A Ed. _9765126 |
||
| 245 | 0 | _aIdeas in modern biology | |
| 260 |
_aNew York, USA _bThe natural History Press _c1965 |
||
| 300 | _aix,563p | ||
| 546 | _aProceedings- volume 6- 16th international congress of zoology | ||
| 942 |
_cTEXL _h574, MOO |
||
| 999 |
_c1347923 _d1347923 |
||